<?xml version="1.0" encoding="UTF-8"?>
<marc:record xmlns:marc="http://www.loc.gov/MARC21/slim">
   <marc:leader>00000nam a2200000 a 4500</marc:leader>
   <marc:datafield ind1=" " ind2=" " tag="653">
      <marc:subfield code="a">Frankreich</marc:subfield>
   </marc:datafield>
   <marc:datafield ind1=" " ind2=" " tag="653">
      <marc:subfield code="a">DVD</marc:subfield>
   </marc:datafield>
   <marc:datafield ind1=" " ind2=" " tag="653">
      <marc:subfield code="a">ohne Altersbeschränkung</marc:subfield>
   </marc:datafield>
   <marc:datafield ind1=" " ind2=" " tag="653">
      <marc:subfield code="a">Kinderfilm</marc:subfield>
   </marc:datafield>
   <marc:datafield ind1=" " ind2=" " tag="653">
      <marc:subfield code="a">Animationsfilm</marc:subfield>
   </marc:datafield>
   <marc:datafield ind1=" " ind2=" " tag="653">
      <marc:subfield code="a">Frösche</marc:subfield>
   </marc:datafield>
   <marc:datafield ind1="0" ind2="0" tag="245">
      <marc:subfield code="a">Das Geheimnis der Frösche</marc:subfield>
   </marc:datafield>
   <marc:datafield ind1=" " ind2="1" tag="264">
      <marc:subfield code="b">Universum Film GmbH</marc:subfield>
      <marc:subfield code="c">2006</marc:subfield>
   </marc:datafield>
   <marc:datafield ind1="1" ind2=" " tag="490">
      <marc:subfield code="a">Kultur Spiegel</marc:subfield>
   </marc:datafield>
   <marc:datafield ind1="1" ind2=" " tag="520">
      <marc:subfield code="a">Tom lebt mit seinen Adoptiveltern Ferdinand und Juliette auf einem Bauernhof, irgendwo in der französischen Provinz. Das beschauliche Anwesen liegt auf einem Hügel, und so kann man von hier aus den Ausblick auf eine idyllische Landschaft mit ihren Feldern und Wäldern genießen. Es ist Sommer, die Sonne scheint, und laut Wetterbericht soll sich daran in den nächsten Tagen auch nichts ändern. Tom und seine Freundin Lili, deren Eltern gerade nach Afrika gereist sind, um Krokodile für ihren kleinen Privatzoo abzuholen, spielen auf dem Hof mit den Tieren und albern am Fuß des Hügels herum. Dort sind die Frösche zu Hause, die sich allerdings nicht so richtig über das schöne Wetter freuen können. Unter den Amphibien herrscht große Unruhe, denn ihre Wettervorhersagen prophezeien etwas völlig anderes als die der Menschen: Eine neue Sintflut steht kurz bevor</marc:subfield>
   </marc:datafield>
   <marc:datafield ind1="3" ind2=" " tag="024">
      <marc:subfield code="a">3939815047</marc:subfield>
   </marc:datafield>
</marc:record>
